Members of the Organization of Islamic Cooperation - Statistics

General Stats
  • This quiz has been taken 31 times
  • The average score is 50 of 57
Answer Stats
Member State % Correct
Afghanistan
100%
Azerbaijan
96%
Iran
96%
Iraq
96%
Kazakhstan
96%
Libya
96%
Mali
96%
Morocco
96%
Niger
96%
Nigeria
96%
Pakistan
96%
Qatar
96%
Saudi Arabia
96%
Senegal
96%
Syria
96%
Tajikistan
96%
Turkmenistan
96%
Uzbekistan
96%
Algeria
93%
Bahrain
93%
Bangladesh
93%
Chad
93%
Guinea
93%
Indonesia
93%
Jordan
93%
Kyrgyzstan
93%
Malaysia
93%
Oman
93%
Tunisia
93%
Turkey
93%
Yemen
93%
Albania
89%
Comoros
89%
Egypt
89%
Gambia
89%
Ivory Coast
89%
Lebanon
89%
Mauritania
89%
Somalia
89%
Sudan
89%
United Arab Emirates
89%
Brunei
85%
Guinea-Bissau
85%
Kuwait
85%
Maldives
85%
Sierra Leone
85%
Djibouti
81%
Togo
81%
Benin
74%
Palestine
74%
Burkina Faso
70%
Cameroon
67%
Gabon
56%
Uganda
56%
Guyana
52%
Suriname
44%
Mozambique
41%
No matching quizzes found
Score Distribution
Percent of People with Each Score
Percentile by Number Answered
Your Score History
You have not taken this quiz